Manual de mantenimiento y recambio de rodamientos.
Guardado en:
| Formato: | Libro |
|---|---|
| Idioma: | Spanish |
| Publicado: |
[s.l.] :
SKF,
1986.
|
| Materias: | |
| Etiquetas: |
Agregar Etiqueta
Sin Etiquetas, Sea el primero en etiquetar este registro!
|
| LEADER | 00567nam a22001695a 4500 | ||
|---|---|---|---|
| 001 | EIQ.libpla002721 | ||
| 008 | 070726s1986####xx#######c####000#0#spa#d | ||
| 005 | 20070727110301.0 | ||
| 245 | 0 | 0 | |a Manual de mantenimiento y recambio de rodamientos. |
| 260 | |a [s.l.] : |b SKF, |c 1986. | ||
| 300 | |a 180 p. : |b il., tablas ; |c 21 cm. | ||
| 650 | 4 | |a Rodamientos |x Catálogos. | |
| 650 | 4 | |a Ingeniería mecánica |x Catálogos. | |
| 650 | 4 | |a Bearing |x Catalogs. | |
| 650 | 4 | |a Mechanical engineering |x Catalogs. | |
| 040 | |a AR-BbSID |b spa |c AR-BbSID | ||
| 859 | |a AR-BbSID |b BIB. PLAPIQUI |h 621.822 |i S 1 |p 3648 | ||
